ნორმალური ფორმატი
MARC ფორმატი
ჩანაწერი Personal Name
ჩანაწერთა რაოდენობა, რომელიც გამოყენებულია: 2
001 - CONTROL NUMBER
- control field: 26691
003 - CONTROL NUMBER IDENTIFIER
- control field: GE_BSU
005 - DATE AND TIME OF LATEST TRANSACTION
- control field: 20260115210033.0
008 - FIXED-LENGTH DATA ELEMENTS
- fixed length control field: 260115|| aca||aabn | a|a d
040 ## - CATALOGING SOURCE
- Original cataloging agency: GE_BSU
- Transcribing agency: GE_BSU
100 ## - HEADING--PERSONAL NAME
- Personal name: სერგეევი, ვ. ს.
670 ## - SOURCE DATA FOUND
- Source citation: Work cat.: (GE_BSU)56315: სერგეევი, ვ. ს., ძველი რომის ისტორიის ნარკვევები :
